000
00309nam a22001217a 4500
008
160423b xxu||||| |||| 00| 0 eng d
020
_a
9780801647741
020
_a
0801647746
041
_a
eng
080
_a
618.2
245
_a
Community Health nursing:
_c
Marcia Stanhope; Jeanette Lancaster;
942
_2
udc
_c
BK
999
_c
1540
_d
1540